| 000 | 00000nam##2200000za#4500 |
| 001 | 9.568755 |
| 003 | CaOODSP |
| 005 | 20210624181430 |
| 007 | cr ||||||||||| |
| 008 | 150406|2002||||xxc|||||o f|0| 0 eng|d |
| 040 | |aCaOODSP|beng |
| 043 | |an-cn--- |
| 086 | 1 |aBT31-2/2002-III-99E-PDF |
| 110 | 1 |aCanada. |bTreasury Board. |
| 245 | 14|aThe Correctional Investigator Canada, 2001-2002 estimates, part III - report on plans and priorities |h[electronic resource] |
| 260 | |aOttawa - Ontario : |bTreasury Board of Canada Secretariat |cc2001. |
| 300 | |a14p.|btables |
| 490 | 1 |a2001-2002 estimates. Part III, Report on plans and priorities |v2001-2002 |
| 500 | |aThe catalogue number (BT31-2/2002-III-99) and ISBN (0-660-61521-5) for the bilingual print edition have been incorrectly copied in this electronic publication. |
| 590 | |a12-25-Supp|b2012-06-04 |
| 775 | 08|tL'enquêteur correctionnel Canada, budget des dépenses 2001-2002, partie III - rapport sur les plans et les priorités |w(CaOODSP)9.600022 |
| 776 | 0#|tBureau de l'Enquêteur correctionnel |w(CaOODSP)9.534481 |
| 776 | 0#|tOffice of the Correctional Investigator |w(CaOODSP)9.534480 |
| 830 | #0|a2001-2002 estimates. Part III, Report on plans and priorities ;|v2001-2002|w(CaOODSP)9.506174 |
| 856 | 40|ahttp://publications.gc.ca|qPDF|s422 KB|uhttps://publications.gc.ca/collections/Collection/BT31-2-2002-III-99E.pdf|y2001-2002 |